[Event "30.Schlosspark-Open"]
[Site "Wiesbaden-Biebrich"]
[Date "2018.08.24"]
[Round "2.1"]
[White "Khenkin, Igor"]
[Black "Boehmer, Thomas"]
[Result "1-0"]
[WhiteElo "2558"]
[BlackElo "2032"]
[PlyCount "49"]
[EventDate "2018.??.??"]
[WhiteTeam "SC Heusenstamm"]
[BlackTeam "Wiesbadener SV"]

1. Nf3 Nf6 2. c4 e6 3. Nc3 Bb4 4. Qc2 O-O 5. a3 Bxc3 6. Qxc3 d5 7. e3 c5 8. b4
Nc6 9. bxc5 Ne4 10. Qc2 Nxc5 11. Bb2 Qb6 12. Rb1 Qa5 13. Be2 Bd7 14. O-O Rac8
15. Bc3 Qxa3 16. Rb5 Ne4 17. Bb2 Qd6 18. Rxb7 Na5 19. Be5 Qc6 20. Rxa7 dxc4 21.
Bxc4 f6 22. d3 Nd6 23. Nd4 Qb6 24. Rxd7 fxe5 25. Rb1 1-0

[Event "30.Schlosspark-Open"]
[Site "Wiesbaden-Biebrich"]
[Date "2018.08.24"]
[Round "2.2"]
[White "Belz, Frank-Martin"]
[Black "Poetsch, Hagen"]
[Result "0-1"]
[WhiteElo "2041"]
[BlackElo "2513"]
[PlyCount "59"]
[EventDate "2018.??.??"]
[WhiteTeam "SK Freising"]
[BlackTeam "SC Heusenstamm"]

1. d4 Nf6 2. Nf3 c5 3. e3 g6 4. Be2 Bg7 5. O-O O-O 6. c4 cxd4 7. exd4 d5 8. b3
Nc6 9. Bb2 Bf5 10. Nc3 dxc4 11. bxc4 Ne4 12. Nxe4 Bxe4 13. Ne5 Qb6 14. Bc3 Nxe5
15. dxe5 Rfd8 16. Qb3 Qc6 17. f3 Bd3 18. Rfe1 Bxe2 19. Rxe2 Rd3 20. Rc1 Rc8 21.
Re4 b5 22. Qb4 Bh6 23. Rce1 e6 24. Kh1 bxc4 25. h3 Qd5 26. Rh4 Bf8 27. Qb2 a5
28. Qc1 Rxc3 29. Qxc3 Bb4 30. Qxb4 0-1

[Event "30.Schlosspark-Open"]
[Site "Wiesbaden-Biebrich"]
[Date "2018.08.24"]
[Round "2.3"]
[White "Milov, Leonid"]
[Black "Hoffmann, Jens"]
[Result "1-0"]
[WhiteElo "2469"]
[BlackElo "2012"]
[PlyCount "55"]
[EventDate "2018.??.??"]
[WhiteTeam "SC Noris-Tarrasch Nuernberg"]
[BlackTeam "SF HN-Biberach"]

1. e4 c5 2. Nf3 d6 3. d4 cxd4 4. Nxd4 Nf6 5. Nc3 a6 6. Be3 e5 7. Nb3 Be6 8. h3
Be7 9. f4 exf4 10. Bxf4 O-O 11. Qe2 b5 12. O-O-O b4 13. Nd5 Nxd5 14. exd5 Bf5
15. Qf3 Bg5 16. h4 Qc8 17. Rd2 Re8 18. Bd3 Bxf4 19. Qxf4 Bxd3 20. Rxd3 Re2 21.
Rd2 Rxd2 22. Nxd2 Qc4 23. Rd1 Qxd5 24. Nc4 Qe6 25. Rxd6 Qe7 26. Nb6 Ra7 27. Nc8
Qe1+ 28. Rd1 1-0

[Event "30.Schlosspark-Open"]
[Site "Wiesbaden-Biebrich"]
[Date "2018.08.24"]
[Round "2.4"]
[White "Reitz, Philipp"]
[Black "Carow, Johannes"]
[Result "0-1"]
[WhiteElo "2037"]
[BlackElo "2445"]
[PlyCount "48"]
[EventDate "2018.??.??"]
[WhiteTeam "VfR-SC Koblenz"]
[BlackTeam "SF Heidesheim"]

1. c4 c5 2. Nc3 g6 3. g3 Bg7 4. Bg2 Nc6 5. d3 e6 6. e4 Nge7 7. Nge2 O-O 8. O-O
b6 9. Be3 Nd4 10. Rb1 Bb7 11. a3 d6 12. b4 f5 13. f4 Qd7 14. Qd2 Rad8 15. Bxd4
cxd4 16. Nb5 fxe4 17. dxe4 d5 18. e5 dxc4 19. Nbxd4 Bxg2 20. Kxg2 Nf5 21. Rbd1
Qb7+ 22. Kf2 Bxe5 23. fxe5 Nxd4+ 24. Nf4 g5 0-1

[Event "30.Schlosspark-Open"]
[Site "Wiesbaden-Biebrich"]
[Date "2018.08.24"]
[Round "2.5"]
[White "Gutman, Lev"]
[Black "Gerst, Michael"]
[Result "1-0"]
[WhiteElo "2442"]
[BlackElo "2009"]
[PlyCount "107"]
[EventDate "2018.??.??"]
[WhiteTeam "SV Lingen"]
[BlackTeam "Oberhausener SV"]

1. Nf3 Nf6 2. g3 g6 3. Bg2 Bg7 4. O-O O-O 5. d4 d6 6. a4 Nbd7 7. a5 a6 8. c3 e5
9. dxe5 dxe5 10. Qb3 Qe7 11. Qa3 Re8 12. Qxe7 Rxe7 13. Rd1 Nf8 14. Na3 Be6 15.
Be3 Bb3 16. Rdc1 Bd5 17. Nc2 Ree8 18. Nb4 Be4 19. Rd1 Ng4 20. Bd2 Rad8 21. Be1
f6 22. Bh3 Bf5 23. Bf1 Be6 24. e4 c6 25. Nd2 Nd7 26. Bc4 Kf7 27. h3 Nh6 28. f3
Bf8 29. Bf2 Bc5 30. Nd3 Bxf2+ 31. Kxf2 Bxc4 32. Nxc4 Ke7 33. Ke2 Nf7 34. f4
exf4 35. gxf4 Nd6 36. Nxd6 Kxd6 37. Kf3 Nc5 38. e5+ fxe5 39. fxe5+ Kd5 40.
Nxc5+ Kxc5 41. Rxd8 Rxd8 42. Ra4 Rd3+ 43. Kf4 Rxh3 44. Rd4 Rh4+ 45. Kg5 Rh5+
46. Kf6 Rf5+ 47. Ke6 h5 48. b4+ Kb5 49. Kd6 g5 50. e6 Rf6 51. Ke5 Rf8 52. e7
Re8 53. Kd6 g4 54. Re4 1-0

[Event "30.Schlosspark-Open"]
[Site "Wiesbaden-Biebrich"]
[Date "2018.08.24"]
[Round "2.6"]
[White "Doeserich, Juergen"]
[Black "Inkiov, Ventzislav"]
[Result "0-1"]
[WhiteElo "2033"]
[BlackElo "2425"]
[PlyCount "74"]
[EventDate "2018.??.??"]
[WhiteTeam "Schw. Pumpe Freiburg"]
[BlackTeam "SK Oetigheim"]

1. d4 Nf6 2. c4 e6 3. Nf3 d5 4. Nc3 Bb4 5. cxd5 exd5 6. Qc2 c5 7. Bg5 Nbd7 8.
e3 Qa5 9. Bd3 c4 10. Bf5 O-O 11. O-O g6 12. Bxd7 Nxd7 13. a3 Bxc3 14. bxc3 Nb6
15. e4 Bg4 16. Ne5 Be6 17. Bf6 dxe4 18. Qxe4 Nd5 19. Qh4 Qxc3 20. Rac1 Qxa3 21.
Nxc4 Qa6 22. Be5 f6 23. Bg3 Rac8 24. Nd6 Rxc1 25. Rxc1 Nc3 26. Re1 Ne2+ 27. Kh1
g5 28. Qe4 Nxg3+ 29. hxg3 Qxd6 30. Qxe6+ Qxe6 31. Rxe6 Kf7 32. Re3 Rd8 33. Rb3
b6 34. Ra3 a5 35. Rb3 Rb8 36. Ra3 Ke6 37. g4 Ra8 0-1

[Event "30.Schlosspark-Open"]
[Site "Wiesbaden-Biebrich"]
[Date "2018.08.24"]
[Round "2.7"]
[White "Meinhardt, Maximilian"]
[Black "Chernykh, Arkady"]
[Result "1-0"]
[WhiteElo "2391"]
[BlackElo "1928"]
[PlyCount "63"]
[EventDate "2018.??.??"]
[WhiteTeam "SC Viernheim"]
[BlackTeam "Karlsruher SF"]

1. e4 c5 2. Nf3 d6 3. d4 cxd4 4. Nxd4 Nf6 5. Nc3 a6 6. g3 e5 7. Nf3 Be6 8. Ng5
b5 9. Nxe6 fxe6 10. a3 d5 11. exd5 b4 12. axb4 exd5 13. Bg2 Bxb4 14. O-O Bxc3
15. bxc3 Ra7 16. Re1 e4 17. Qd4 Rc7 18. Bf1 O-O 19. Bf4 Rc6 20. Reb1 Rc8 21.
Bh3 Rc4 22. Qd2 Nc6 23. Rxa6 e3 24. Bxe3 Re8 25. Rd1 Re5 26. Bg2 Qc8 27. Rda1
Nb8 28. Ra8 Qb7 29. Bd4 Ne4 30. Bxe5 Nxd2 31. Rxb8+ Qxb8 32. Bxd5+ 1-0

[Event "30.Schlosspark-Open"]
[Site "Wiesbaden-Biebrich"]
[Date "2018.08.24"]
[Round "2.8"]
[White "Iliev, Mustafa Batuhan"]
[Black "Muckle, Julius"]
[Result "0-1"]
[WhiteElo "2012"]
[BlackElo "2326"]
[PlyCount "62"]
[EventDate "2018.??.??"]
[WhiteTeam "SV Grossauheim"]
[BlackTeam "SK Ludwigshafen"]

1. e4 e6 2. d4 d5 3. Nd2 Nf6 4. e5 Nfd7 5. Bd3 c5 6. c3 Nc6 7. Ngf3 Qb6 8. O-O
cxd4 9. cxd4 Nxd4 10. Nxd4 Qxd4 11. Nf3 Qb6 12. Qa4 Qb4 13. Qc2 Nc5 14. Bd2 Qa4
15. b3 Qd7 16. Nd4 Nxd3 17. Qxd3 Bc5 18. Rac1 b6 19. Qg3 g6 20. Be3 Ba6 21.
Rfd1 O-O 22. Nc2 Be7 23. Bg5 Rfc8 24. h4 Rc5 25. Ne3 h5 26. Nc2 Rac8 27. Nd4
Qc7 28. b4 Rc4 29. Be3 Bxb4 30. Bh6 Kh7 31. Qf4 Rxc1 0-1

[Event "30.Schlosspark-Open"]
[Site "Wiesbaden-Biebrich"]
[Date "2018.08.24"]
[Round "2.9"]
[White "Martin, Reiner"]
[Black "Euler, Gerd"]
[Result "0-1"]
[WhiteElo "2006"]
[BlackElo "2301"]
[PlyCount "70"]
[EventDate "2018.??.??"]
[WhiteTeam "SC Bad Soden"]
[BlackTeam "SSG Hungen-Lich"]

1. d4 f5 2. g3 Nf6 3. Bg2 g6 4. c4 Bg7 5. Nc3 O-O 6. Nh3 d6 7. O-O Nc6 8. e3 e5
9. d5 Na5 10. b3 h6 11. Bb2 g5 12. f3 a6 13. Nf2 Rb8 14. Qd2 b5 15. cxb5 axb5
16. Rfc1 b4 17. Ne2 Rb5 18. e4 fxe4 19. fxe4 c6 20. dxc6 Qb6 21. Rf1 Ng4 22.
Nc1 Qe3 23. Qxe3 Nxe3 24. Ncd3 Nxf1 25. Bxf1 Nxc6 26. Nd1 Rb6 27. Ne3 Be6 28.
Nc2 Ra8 29. Bc1 Nd4 30. Nxd4 exd4 31. Bd2 Bxb3 32. Nxb4 d3 33. Rc1 Bd4+ 34. Kg2
Rxb4 35. Bxb4 Rxa2+ 0-1

[Event "30.Schlosspark-Open"]
[Site "Wiesbaden-Biebrich"]
[Date "2018.08.24"]
[Round "2.10"]
[White "Zachary, Matheo"]
[Black "Berberich, Christoph"]
[Result "1-0"]
[WhiteElo "2264"]
[BlackElo "2002"]
[PlyCount "51"]
[EventDate "2018.??.??"]
[WhiteTeam "OSG Baden-Baden"]
[BlackTeam "SGEM Dreisamtal"]

1. e4 c5 2. Nf3 Nc6 3. Bb5 e6 4. Bxc6 bxc6 5. O-O d5 6. Qe2 Qb6 7. d3 Ne7 8. c4
g6 9. Nc3 dxc4 10. dxc4 Bg7 11. Bg5 Rb8 12. Bxe7 Kxe7 13. e5 Qxb2 14. Qe3 Qb6
15. Rab1 Qc7 16. Qxc5+ Kd8 17. Rxb8 Qxb8 18. Nd4 Bd7 19. Rd1 Ke8 20. Nxc6 Bxc6
21. Qxc6+ Kf8 22. Qc5+ Ke8 23. Nb5 Bxe5 24. Nxa7 Bxh2+ 25. Kh1 Qc7 26. Nc6 1-0

[Event "30.Schlosspark-Open"]
[Site "Wiesbaden-Biebrich"]
[Date "2018.08.24"]
[Round "2.11"]
[White "Werner, Dimo"]
[Black "Koellner, Ruben Gideon"]
[Result "0-1"]
[WhiteElo "2003"]
[BlackElo "2253"]
[PlyCount "70"]
[EventDate "2018.??.??"]
[WhiteTeam "TSV Schott Mainz"]
[BlackTeam "SG Bochum"]

1. d4 d6 2. g3 Nd7 3. Bg2 e5 4. c4 Be7 5. Nf3 e4 6. Nfd2 f5 7. f3 exf3 8. Nxf3
Nb6 9. Nc3 c6 10. Qd3 Nf6 11. b3 d5 12. c5 Nbd7 13. Bf4 Ne4 14. Ne5 Bf6 15.
Nxd7 Bxd7 16. Nxe4 fxe4 17. Qd2 O-O 18. O-O Rf7 19. e3 Be6 20. Rac1 Qd7 21. Rf2
Be7 22. Rcf1 Raf8 23. Be5 Bf5 24. b4 Qe6 25. a4 h5 26. h4 g5 27. hxg5 Bxg5 28.
Bf4 Qg6 29. Qe1 Be7 30. Kh2 h4 31. g4 Qxg4 32. Qe2 Qxe2 33. Rxe2 Bg4 34. Ree1
h3 35. Bh1 Bg5 0-1

[Event "30.Schlosspark-Open"]
[Site "Wiesbaden-Biebrich"]
[Date "2018.08.24"]
[Round "2.12"]
[White "Haag, Martin"]
[Black "Eveleens, Wim"]
[Result "1-0"]
[WhiteElo "2229"]
[BlackElo "1997"]
[PlyCount "57"]
[EventDate "2018.??.??"]
[WhiteTeam "SC Bonn Beuel"]
[BlackTeam "Sandport"]

1. c4 b6 2. d4 Bb7 3. Nc3 e6 4. a3 f5 5. d5 Nf6 6. g3 Na6 7. Bg2 Nc5 8. Nh3 a5
9. O-O e5 10. Be3 Bd6 11. Nb5 O-O 12. b4 axb4 13. axb4 Rxa1 14. Qxa1 Na6 15.
Nxd6 cxd6 16. Qa4 Ng4 17. Bd2 Qc7 18. Rc1 Ra8 19. f3 Nf6 20. Qc2 g6 21. Nf2 Rc8
22. Qb1 Nb8 23. b5 Na6 24. bxa6 Bxa6 25. e4 fxe4 26. Nxe4 Nxe4 27. Qxe4 Bxc4
28. f4 b5 29. Kh1 1-0

[Event "30.Schlosspark-Open"]
[Site "Wiesbaden-Biebrich"]
[Date "2018.08.24"]
[Round "2.13"]
[White "Koellner, Aaron Noah"]
[Black "Nagel, Bernhard"]
[Result "1-0"]
[WhiteElo "2001"]
[BlackElo "2214"]
[PlyCount "91"]
[EventDate "2018.??.??"]
[WhiteTeam "SV Bergneustadt/Derschlag"]
[BlackTeam "Koelner SK Dr. Lasker"]

1. d4 e6 2. Nf3 Nf6 3. Bg5 h6 4. Bh4 b6 5. Nbd2 Bb7 6. e3 Be7 7. Bd3 c5 8. c3
cxd4 9. exd4 O-O 10. Bxf6 Bxf6 11. Qe2 d6 12. O-O-O Nd7 13. h4 Re8 14. Bc2 e5
15. dxe5 Nxe5 16. Nxe5 Rxe5 17. Qd3 g6 18. h5 Rd5 19. Qf3 Rxd2 20. Qxb7 Rxd1+
21. Rxd1 Rb8 22. Qe4 Qe7 23. Qd3 Rd8 24. hxg6 fxg6 25. Qxg6+ Qg7 26. Qe4 Qe7
27. Qd5+ Qf7 28. Qd3 Qe7 29. Kb1 Bg7 30. f4 Kf8 31. g4 Qf6 32. Rf1 d5 33. g5
Qf7 34. Qh3 Rd6 35. Re1 Qd7 36. Bf5 Qb5 37. Be6 d4 38. gxh6 Bh8 39. Qg4 Qd3+
40. Kc1 Qh7 41. Bg8 Qd7 42. Be6 Qh7 43. Bb3 Bf6 44. Qh5 Be7 45. Rg1 Rxh6 46.
Qxh6+ 1-0

[Event "30.Schlosspark-Open"]
[Site "Wiesbaden-Biebrich"]
[Date "2018.08.24"]
[Round "2.14"]
[White "Kiefer, Daniel"]
[Black "Kuerschner, Matthias"]
[Result "1-0"]
[WhiteElo "2197"]
[BlackElo "1995"]
[PlyCount "79"]
[EventDate "2018.??.??"]
[WhiteTeam "SF Mainz"]
[BlackTeam "SK Langen"]

1. e4 c5 2. Nf3 Nc6 3. d4 cxd4 4. Nxd4 g6 5. c4 Bg7 6. Be3 Nf6 7. Nc3 Ng4 8.
Qxg4 Nxd4 9. Qd1 Ne6 10. Rc1 d6 11. Be2 Qa5 12. Qd2 Bd7 13. O-O Bc6 14. f3 O-O
15. Rfd1 Kh8 16. a3 Qd8 17. b4 f5 18. exf5 Rxf5 19. Nd5 Qf8 20. Bd3 Rf7 21. Be4
Be5 22. Rf1 Nf4 23. g3 Nxd5 24. Bxd5 Bxd5 25. Qxd5 Bb2 26. Rb1 e6 27. Qe4 Bg7
28. Kg2 a6 29. Rbd1 Rd8 30. Bf4 e5 31. Be3 Rfd7 32. Rd5 Qf7 33. Rfd1 Bf8 34. h4
Rc8 35. c5 Rc6 36. cxd6 Rcxd6 37. Rxd6 Bxd6 38. Rxd6 Rxd6 39. Qxe5+ Qf6 40. Bd4
1-0

[Event "30.Schlosspark-Open"]
[Site "Wiesbaden-Biebrich"]
[Date "2018.08.24"]
[Round "2.15"]
[White "Kolker, Vladislav"]
[Black "Dietze, Frank"]
[Result "0-1"]
[WhiteElo "1999"]
[BlackElo "2203"]
[PlyCount "82"]
[EventDate "2018.??.??"]
[WhiteTeam "SC Bad Nauheim"]
[BlackTeam "vereinslos"]

1. e4 c5 2. Nf3 d6 3. d4 cxd4 4. Nxd4 Nf6 5. Nc3 a6 6. Bg5 e6 7. f4 h6 8. Bh4
Qb6 9. a3 Nbd7 10. Bf2 Qc7 11. Bd3 b5 12. Qe2 Bb7 13. O-O-O Be7 14. Rhe1 O-O
15. e5 dxe5 16. fxe5 Nh7 17. Ndxb5 axb5 18. Nxb5 Qc6 19. Bxh7+ Kxh7 20. Qd3+
Kg8 21. Qxd7 Bg5+ 22. Be3 Qxd7 23. Rxd7 Bc6 24. Rc7 Bxb5 25. Bxg5 hxg5 26. c4
Rfc8 27. Rxc8+ Rxc8 28. b3 Kf8 29. a4 Bxc4 30. bxc4 Rxc4+ 31. Kd2 Rxa4 32. Ke3
f5 33. Kf3 Ra3+ 34. Kf2 g4 35. Re2 Kf7 36. Rb2 Ra5 37. Re2 g5 38. Kg3 Ra3+ 39.
Kf2 Kg6 40. g3 f4 41. gxf4 gxf4 0-1

[Event "30.Schlosspark-Open"]
[Site "Wiesbaden-Biebrich"]
[Date "2018.08.24"]
[Round "2.16"]
[White "Dzierzenga, Stefan"]
[Black "Mueller, Lutz"]
[Result "1-0"]
[WhiteElo "2196"]
[BlackElo "1989"]
[PlyCount "39"]
[EventDate "2018.??.??"]
[WhiteTeam "SC Bonn Beuel"]
[BlackTeam "SC Bad Koenigshofen"]

1. e4 g6 2. d4 Bg7 3. Nc3 d6 4. Bg5 h6 5. Be3 Nc6 6. h3 e5 7. Nge2 f5 8. dxe5
dxe5 9. Qxd8+ Nxd8 10. f4 Nf6 11. exf5 exf4 12. Bxf4 Bxf5 13. Nd4 O-O 14. Nxf5
gxf5 15. O-O-O Nh5 16. Bxc7 f4 17. Bc4+ Kh8 18. Bb3 Nc6 19. Rd7 Bd4 20. Rxd4
1-0

[Event "30.Schlosspark-Open"]
[Site "Wiesbaden-Biebrich"]
[Date "2018.08.24"]
[Round "2.17"]
[White "Rutsatz, Mario"]
[Black "Jahnel, Guenther"]
[Result "0-1"]
[WhiteElo "1999"]
[BlackElo "2195"]
[PlyCount "52"]
[EventDate "2018.??.??"]
[WhiteTeam "SF Frankfurt"]
[BlackTeam "FVS ASP Hoyerswerda"]

1. c4 g6 2. g3 Bg7 3. Bg2 e5 4. Nc3 Nc6 5. Rb1 Nge7 6. b4 O-O 7. b5 Nd4 8. e3
Ne6 9. Nge2 f5 10. f4 d6 11. Nd5 a6 12. a4 axb5 13. axb5 e4 14. Bb2 Bxb2 15.
Rxb2 Nc5 16. Nc1 Be6 17. Nxe7+ Qxe7 18. Qc2 Ra4 19. Bf1 Qf7 20. d4 exd3 21.
Bxd3 Nxd3+ 22. Nxd3 Ra1+ 23. Rb1 Rxb1+ 24. Qxb1 Bxc4 25. Kf2 Ra8 26. Nc1 Qd5
0-1

[Event "30.Schlosspark-Open"]
[Site "Wiesbaden-Biebrich"]
[Date "2018.08.24"]
[Round "2.18"]
[White "Henrich, Thomas"]
[Black "Scharping, Hans-Martin"]
[Result "1-0"]
[WhiteElo "2193"]
[BlackElo "1984"]
[PlyCount "89"]
[EventDate "2018.??.??"]
[WhiteTeam "SK Marburg"]
[BlackTeam "SC Pforzheim"]

1. d4 d5 2. c4 c6 3. Nf3 Nf6 4. e3 e6 5. b3 Ne4 6. Bd3 f5 7. O-O Bd6 8. Ba3 O-O
9. Bxd6 Qxd6 10. Ne5 Nd7 11. Nxd7 Bxd7 12. f3 Nf6 13. c5 Qe7 14. f4 b6 15. Qc2
Ng4 16. Qc1 bxc5 17. h3 Nh6 18. Qxc5 Qxc5 19. dxc5 e5 20. Nd2 e4 21. Ba6 Bc8
22. Be2 a5 23. a3 Ba6 24. Bxa6 Rxa6 25. Rfb1 Rb8 26. Kf2 Ra7 27. b4 a4 28. Rg1
g6 29. Rad1 Nf7 30. Nb1 Nd8 31. Nc3 Ne6 32. Ne2 Rg7 33. g4 fxg4 34. hxg4 h5 35.
gxh5 gxh5 36. Rh1 Rh7 37. Rdg1+ Kf7 38. f5 Ng7 39. Nd4 Rh6 40. Rg5 Rf8 41. Rhg1
Ne8 42. Rg6 Rfh8 43. Nxc6 Nf6 44. Ne5+ Ke8 45. b5 1-0

[Event "30.Schlosspark-Open"]
[Site "Wiesbaden-Biebrich"]
[Date "2018.08.24"]
[Round "2.19"]
[White "Schultze, Joerg-Martin"]
[Black "Jansen, Dirk Norbert"]
[Result "0-1"]
[WhiteElo "1998"]
[BlackElo "2190"]
[PlyCount "78"]
[EventDate "2018.??.??"]
[WhiteTeam "SF Anderssen Wetzlar"]
[BlackTeam "SV Weidenau/Geisweid"]

1. e4 e6 2. d3 d5 3. Nd2 Nf6 4. g3 Be7 5. Bg2 c5 6. Ngf3 Nc6 7. O-O Qc7 8. c3
O-O 9. Re1 b5 10. e5 Nd7 11. Qe2 a5 12. Nf1 Ba6 13. h4 Rfc8 14. Bf4 a4 15. Ne3
Qd8 16. Bh3 d4 17. Ng4 a3 18. bxa3 dxc3 19. Ng5 Nf8 20. Nf6+ gxf6 21. Nxf7 Kxf7
22. exf6 Bxf6 23. Bxe6+ Nxe6 24. Qh5+ Kg8 25. Rxe6 Nd4 26. Rd6 Qe7 27. Rxa6 c2
28. Rxa8 Rxa8 29. Qd5+ Kg7 30. Qxa8 Ne2+ 31. Kh2 Bxa1 32. Qf3 Nxf4 33. Qxf4 Bb2
34. Qg4+ Kf8 35. Qc8+ Kf7 36. Qf5+ Kg8 37. Qc8+ Qf8 38. Qe6+ Kh8 39. d4 Bxd4
0-1

[Event "30.Schlosspark-Open"]
[Site "Wiesbaden-Biebrich"]
[Date "2018.08.24"]
[Round "2.20"]
[White "Schmitt, Carsten"]
[Black "Stork, Oliver"]
[Result "0-1"]
[WhiteElo "1992"]
[BlackElo "2175"]
[PlyCount "112"]
[EventDate "2018.??.??"]
[WhiteTeam "SV Bergwinkel"]
[BlackTeam "SV Oberursel"]

1. c4 c5 2. g3 g6 3. Bg2 Bg7 4. Nc3 Nc6 5. a3 e6 6. Rb1 Nge7 7. b4 d6 8. bxc5
dxc5 9. Ne4 b6 10. Qa4 Qc7 11. Nf3 O-O 12. Bb2 e5 13. h4 f5 14. Nc3 Bb7 15. h5
Nd4 16. hxg6 hxg6 17. Nd5 Nxd5 18. cxd5 Bxd5 19. Bxd4 exd4 20. Nh4 Bxg2 21.
Qc4+ Qf7 22. Qxf7+ Kxf7 23. Nxg2 Rh8 24. Rf1 Be5 25. Nf4 Bxf4 26. gxf4 Rh3 27.
e3 Rc8 28. Kd1 Rd8 29. Kc2 Rh2 30. a4 dxe3 31. dxe3 Ke6 32. a5 Rd6 33. axb6
axb6 34. Kc3 Kd7 35. Ra1 Kc6 36. Ra8 Rg2 37. Rc8+ Kb7 38. Rg8 Kc6 39. Rc8+ Kb7
40. Rg8 b5 41. Rb1 b4+ 42. Kc4 Rxf2 43. Kxc5 Rc6+ 44. Kb5 Rb6+ 45. Kc5 Rc2+ 46.
Kd4 b3 47. Rg7+ Ka6 48. Ra1+ Ra2 49. Rb1 Rc2 50. Ra1+ Kb5 51. e4 fxe4 52. Kxe4
b2 53. Rb1 Kc4 54. Rd7 Kb3 55. Rd3+ Ka2 56. Rdd1 Rbc6 0-1

[Event "30.Schlosspark-Open"]
[Site "Wiesbaden-Biebrich"]
[Date "2018.08.24"]
[Round "2.22"]
[White "Junker, Christian"]
[Black "Ruppert, Wolfgang"]
[Result "0-1"]
[WhiteElo "1986"]
[BlackElo "2140"]
[PlyCount "68"]
[EventDate "2018.??.??"]
[WhiteTeam "SV Neu-Isenburg"]
[BlackTeam "SC Floersheim"]

1. Nf3 d5 2. g3 Nf6 3. d3 Nc6 4. Bg2 e5 5. O-O h6 6. c3 Be7 7. Nfd2 Bg4 8. h3
Be6 9. e4 Qd7 10. Kh2 O-O-O 11. Qe2 g5 12. b4 Rdg8 13. Nb3 h5 14. b5 Nd8 15. c4
d4 16. Ba3 h4 17. g4 Bxg4 18. hxg4 Nxg4+ 19. Kh1 Bxa3 20. Nxa3 Nf6 21. Rg1 g4
22. c5 Nh5 23. Bh3 Nf4 24. Bxg4 Nxe2 25. Bxd7+ Kxd7 26. Rxg8 Rxg8 27. Kh2 Nf4
28. Rf1 Nde6 29. c6+ bxc6 30. bxc6+ Kxc6 31. Nc1 Ng5 32. f3 f6 33. Nc4 Ngh3 34.
Kh1 Rg2 0-1

[Event "30.Schlosspark-Open"]
[Site "Wiesbaden-Biebrich"]
[Date "2018.08.24"]
[Round "2.23"]
[White "Hermannsdoerfer, Frank"]
[Black "Triantafillidis, Simeon"]
[Result "1-0"]
[WhiteElo "2157"]
[BlackElo "1972"]
[PlyCount "65"]
[EventDate "2018.??.??"]
[WhiteTeam "SV Liebschwitz"]
[BlackTeam "SF HN-Biberach"]

1. b3 e5 2. Bb2 Nc6 3. e3 Nf6 4. c4 Bc5 5. a3 a5 6. Qc2 O-O 7. Nc3 d5 8. cxd5
Nxd5 9. Nf3 Re8 10. Nxd5 Qxd5 11. Bc4 Qd8 12. Bxf7+ Kxf7 13. Qxc5 Qd6 14. Qc4+
Be6 15. Ng5+ Kg8 16. Nxe6 Rxe6 17. O-O Kh8 18. f4 Rg6 19. fxe5 Qxd2 20. Rf2
Qxe3 21. Qf7 Rg5 22. Bc1 Qd4 23. Bb2 Qe3 24. Raf1 Nxe5 25. Bxe5 Rxe5 26. Kh1 h6
27. h3 Re7 28. Qg6 Qxb3 29. Rf8+ Rxf8 30. Rxf8+ Qg8 31. Qf5 Re8 32. Rxg8+ Kxg8
33. Qxa5 1-0

[Event "30.Schlosspark-Open"]
[Site "Wiesbaden-Biebrich"]
[Date "2018.08.24"]
[Round "2.24"]
[White "Pauls, Wilhelm"]
[Black "Chandler, Patrick"]
[Result "1/2-1/2"]
[WhiteElo "1981"]
[BlackElo "2147"]
[PlyCount "32"]
[EventDate "2018.??.??"]
[WhiteTeam "SG Kaarst"]
[BlackTeam "SC Nied"]

1. e4 Nc6 2. Nf3 d6 3. Bc4 Nf6 4. Nc3 Bg4 5. d4 a6 6. h3 Bh5 7. g4 Bg6 8. d5
Nb8 9. Qe2 b5 10. Bd3 c5 11. b3 Nfd7 12. Bb2 e5 13. dxe6 fxe6 14. h4 Bf7 15. e5
Nc6 16. exd6 Bxd6 1/2-1/2

[Event "30.Schlosspark-Open"]
[Site "Wiesbaden-Biebrich"]
[Date "2018.08.24"]
[Round "2.25"]
[White "Engel, Berthold"]
[Black "Wolff, Michael"]
[Result "1-0"]
[WhiteElo "2146"]
[BlackElo "1962"]
[PlyCount "119"]
[EventDate "2018.??.??"]
[WhiteTeam "BG Buchen"]
[BlackTeam "Ford SF Koeln"]

1. c4 Nf6 2. g3 e6 3. Bg2 Be7 4. Nf3 O-O 5. b3 d6 6. O-O Nbd7 7. Nc3 Rb8 8. Bb2
b6 9. Nd4 Bb7 10. Nc6 Bxc6 11. Bxc6 Ne5 12. Bg2 a6 13. d4 Ng6 14. Qd3 Qd7 15.
a4 a5 16. e4 Rfe8 17. Rad1 Rbd8 18. d5 e5 19. Nb5 Ra8 20. Qe2 Qc8 21. Rd3 Nd7
22. Bh3 Qd8 23. Bxd7 Qxd7 24. Qh5 Bf8 25. Qf5 Rad8 26. Qxd7 Rxd7 27. Re3 Be7
28. f4 Bd8 29. f5 Nf8 30. h4 h5 31. Bc3 Nh7 32. b4 axb4 33. Bxb4 Nf6 34. Ra1
Ng4 35. Re2 g5 36. hxg5 Bxg5 37. a5 bxa5 38. Rxa5 Kg7 39. Bd2 Bxd2 40. Rxd2 Nf6
41. Re2 Rg8 42. Ra7 Kh6 43. Kf2 Rg4 44. Kf3 h4 45. gxh4 Rf4+ 46. Ke3 Rxe4+ 47.
Kd3 Rxh4 48. Rxc7 Rxc7 49. Nxc7 Kg5 50. Nb5 Ne8 51. Rg2+ Rg4 52. Rh2 Rh4 53.
Rxh4 Kxh4 54. c5 dxc5 55. Ke4 Kg5 56. Kxe5 c4 57. d6 Nxd6 58. Nxd6 f6+ 59. Ke6
c3 60. Ne4+ 1-0

[Event "30.Schlosspark-Open"]
[Site "Wiesbaden-Biebrich"]
[Date "2018.08.24"]
[Round "2.26"]
[White "Kuehn, Matthias"]
[Black "Ernst, Michael"]
[Result "1/2-1/2"]
[WhiteElo "1972"]
[BlackElo "2145"]
[PlyCount "42"]
[EventDate "2018.??.??"]
[WhiteTeam "SV Huerth-Berrenrath"]
[BlackTeam "Poechlarn"]

1. e4 e6 2. Nc3 d5 3. g3 dxe4 4. Nxe4 Bd7 5. Bg2 Bc6 6. f3 Be7 7. Ne2 Nf6 8.
O-O O-O 9. d4 b6 10. a4 a6 11. g4 Nbd7 12. N2g3 Bb7 13. f4 Qc8 14. g5 Nxe4 15.
Nxe4 c5 16. dxc5 Nxc5 17. Nd6 Bxd6 18. Qxd6 Bxg2 19. Kxg2 Qb7+ 20. Kg1 f6 21.
a5 Qe4 1/2-1/2

[Event "30.Schlosspark-Open"]
[Site "Wiesbaden-Biebrich"]
[Date "2018.08.24"]
[Round "2.27"]
[White "Weber, Samuel"]
[Black "Gentner, Markus"]
[Result "0-1"]
[WhiteElo "2133"]
[BlackElo "1953"]
[PlyCount "120"]
[EventDate "2018.??.??"]
[WhiteTeam "SV Oberursel"]
[BlackTeam "SC Murrhardt"]

1. Nf3 Nf6 2. g3 b5 3. Bg2 Bb7 4. O-O e6 5. d3 Be7 6. b3 O-O 7. Bb2 d6 8. e4
Nbd7 9. Nbd2 c5 10. a4 a6 11. Ne1 Qc7 12. f4 Rfd8 13. c4 Ne8 14. Nc2 Bf6 15.
Bxf6 Nexf6 16. Ne3 d5 17. e5 d4 18. Bxb7 Qxb7 19. Ng2 Ne8 20. Qh5 f5 21. exf6
Nexf6 22. Qh3 Re8 23. Rae1 bxa4 24. bxa4 Qc6 25. g4 Nf8 26. g5 N6d7 27. f5 exf5
28. Qxf5 Rxe1 29. Rxe1 Ng6 30. Re6 Qxg2+ 31. Kxg2 Nh4+ 32. Kg3 Nxf5+ 33. Kf4
Ne3 34. Re7 Nb6 35. Ke5 Kf8 36. Rb7 Nxa4 37. Ne4 Re8+ 38. Kf4 Re7 39. Rb8+ Kf7
40. Ra8 Nb2 41. Nxc5 Ng2+ 42. Kg4 Ne1 43. Ne4 Nbxd3 44. Nd6+ Ke6 45. Rxa6 Ke5
46. Nc8 Rc7 47. Nb6 Ke4 48. Ra8 Ne5+ 49. Kg3 Rf7 50. h4 Rf3+ 51. Kh2 Ng4+ 52.
Kg1 Nd3 53. Re8+ Nde5 54. c5 d3 55. Nc4 Kd4 56. Nd2 Rf7 57. c6 Rc7 58. Rd8+ Ke3
59. Nf1+ Ke2 60. Ra8 Rxc6 0-1

[Event "30.Schlosspark-Open"]
[Site "Wiesbaden-Biebrich"]
[Date "2018.08.24"]
[Round "2.29"]
[White "Gundlach, Michael"]
[Black "Davidov, Georgi"]
[Result "1/2-1/2"]
[WhiteElo "2132"]
[BlackElo "1945"]
[PlyCount "48"]
[EventDate "2018.??.??"]
[WhiteTeam "SF Mainz"]
[BlackTeam "SC Rotenburg"]

1. c4 e6 2. g3 d5 3. Bg2 Nf6 4. Nf3 c5 5. b3 Nc6 6. cxd5 exd5 7. d4 h6 8. O-O
Be7 9. Bb2 b6 10. Nc3 Be6 11. dxc5 bxc5 12. Rc1 Rc8 13. Ne1 O-O 14. Nd3 Qa5 15.
Nf4 d4 16. Nxe6 fxe6 17. Na4 Rfd8 18. Ba3 Ne5 19. f4 Neg4 20. Qe1 Qb5 21. Nb2
Ne3 22. Rf3 Qa6 23. Na4 Qb5 24. Nb2 Qa6 1/2-1/2